مسلم پرسنل لا پر ا عتر ا ضا ت کی حقیقت (Record no. 147121)

MARC details
000 -LEADER
fixed length control field 00940nam a22002177a 4500
005 - DATE AND TIME OF LATEST TRANSACTION
control field 20171129124500.0
010 ## - LCCN (DPL NO)
LC control number UR-9882
020 6# - INTERNATIONAL STANDARD BOOK NUMBER
Terms of availability 30.00
035 ## - SYSTEM CONTROL NUMBER
System control number U-8437
037 ## - SOURCE OF ACQUISITION
Source of stock number/acquisition DBAD/PUB
082 ## - DEWEY DECIMAL CLASSIFICATION NUMBER
Classification number 270.
100 ## - MAIN ENTRY--PERSONAL NAME
Personal name پر و فیسر عمر حیا ت خا ن غو ر ی
245 ## - TITLE STATEMENT
Title مسلم پرسنل لا پر ا عتر ا ضا ت کی حقیقت
Statement of responsibility, etc پر و فیسر عمر حیا ت خا ن غو ر ی
246 ## - VARYING FORM OF TITLE
Remainder of title
Title proper/short title Muslim Personal Law Par Aitarazat ki Haqeeqat
250 ## - EDITION STATEMENT
Edition statement by Umer Hayat Khan Ghouri
260 ## - PUBLICATION, DISTRIBUTION, ETC. (IMPRINT)
Place of publication, distribution, etc نئی د لی
Name of publisher, distributor, etc Merkazi Maktaba Islami Publishers
Date of publication, distribution, etc 1996
270 ## - ADDRESS
Address 1353,Chitli Qaber ,
City Delhi
Postal code 110006
Telephone number -
Fax number -
300 ## - PHYSICAL DESCRIPTION
Extent 144ص
Dimensions 22 Cm.(B.b)
500 ## - GENERAL NOTE
General note دو حصہ
942 ## - ADDED ENTRY ELEMENTS (KOHA)
Source of classification or shelving scheme Dewey Decimal Classification
Item type Urdu Bks
Classification part 270
Call number suffix غ و ر
Edition
Holdings
Withdrawn status Lost status Not for loan Collection code Home library Current library Date acquired Source of acquisition Cost, normal purchase price Full call number Barcode Copy number Cost, replacement price Koha item type
    Not For Loan Non-fiction D.B.Act.Division D.B.Act.Division 02/11/2017 DBAD/PUB. 30.00 270 غ و ر U-8437 1 30.00 Urdu Bks

© Delhi Public Library
Hit Counter
free hit counter